Estatísticas para Amor

Clique aqui para jogar o quiz

Estatísticas Gerais

  • Esse quiz foi jogado 48 vezes
  • A pontuação média é 4 de 15

Estatísticas das Respostas

HintResposta% Correto
InglêsLove
100%
EspanholAmor
98%
ItalianoAmore
73%
FrancêsAmour
59%
AlemãoLiebe
14%
Russoлюбовь
2%
Japonês
2%
Búlgaroлюбов
2%
TurcoAşk
2%
Irlandêsgrá
2%
Polacokocham
2%
Gregoαγάπη
0%
Coreano사랑
0%
Chinês
0%
Bielorrussoкаханне
0%

Distribuição das Pontuações

Percentil de Números Respondidos

Porcentagem de Pessoas com Cada Pontuação

Sua Pontuação Histórica

Você não jogou esse quiz